[Event "Olongapo City Puregold op-B"]
[Site "Olongapo City"]
[Date "2015.11.19"]
[Round "5"]
[White "San Juan, Ma M Ae Bel Grace"]
[Black "Tatoy, Glesit Marie"]
[Result "1-0"]
[WhiteElo "1761"]
[BlackElo "1418"]
[PlyCount "81"]
[EventDate "2015.11.17"]
[EventType "swiss"]
[EventRounds "9"]
[EventCountry "PHI"]
[SourceTitle "EXT 2017"]
[Source "ChessBase"]
[SourceDate "2016.10.25"]
[SourceVersion "1"]
[SourceVersionDate "2016.10.25"]
[SourceQuality "1"]

1. e4 e5 2. Nf3 Nc6 3. Bb5 a6 4. Ba4 b5 5. Bb3 Nf6 6. 0-0 d6 7. c3 Bd7 8. Re1 Be7 9. d4 0-0 10. h3 Re8 11. Nbd2 Bf8 12. Nf1 Na5 13. Bc2 c5 14. d5 Qc7 15. b3 c4 16. b4 Nb7 17. Be3 a5 18. a3 Ra6 19. Qd2 Rea8 20. Rac1 axb4 21. axb4 Qc8 22. Kh2 Ra2 23. Ng3 Qd8 24. Ng1 R8a3 25. f4 exf4 26. Bxf4 Qa8 27. Nf3 Ra1 28. Nd4 Rxc1 29. Rxc1 Ra1 30. Qf2 Qa3 31. Rxa1 Qxa1 32. Bd2 Qa3 33. Ngf5 g6 34. Nh6+ Kg7 35. g4 Be8 36. g5 Nd7 37. Nxb5 Qa2 38. Be3 Ne5 39. Nc7 Bd7 40. Bd4 Nd8 41. Qf6# 1-0